[Event "7MCR_4D_1L_2S"]
[Site "?"]
[Date "2006.??.??"]
[Round "?"]
[White "Vosahlik, Jiri"]
[Black "Splichal, Stanislav"]
[Result "1/2-1/2"]
[WhiteElo "2328"]
[BlackElo "2258"]
[PlyCount "73"]
[EventDate "2006.??.??"]
[EventType "corr"]

1. e4 c6 2. d4 d5 3. exd5 cxd5 4. c3 Nc6 5. Nf3 Nf6 6. Bf4 a6 7. Bd3 Bg4 8.
Nbd2 e6 9. O-O Bd6 10. Bxd6 Qxd6 11. Qb3 O-O 12. Rae1 Ne7 13. Ne5 Bf5 14. Be2
b5 15. a3 Rfb8 16. Ndf3 h6 17. Ra1 a5 18. Rfe1 Ng4 19. g3 Nxe5 20. Nxe5 Qc7 21.
Bh5 f6 22. Ng4 Ra6 23. Ne3 Be4 24. Bg4 Rab6 25. Qd1 b4 26. axb4 axb4 27. c4
dxc4 28. Nxc4 Qxc4 29. Rxe4 Rd8 30. Rc1 Qd5 31. Qe1 Kf7 32. Rc7 Rc8 33. Ra7 Rc2
34. Bf3 f5 35. Bh5+ Kf6 36. Rh4 g5 37. Bf3 1/2-1/2

[Event "7MCR_4D_1L_3S"]
[Site "?"]
[Date "2006.??.??"]
[Round "?"]
[White "Alexa, Jaroslav"]
[Black "Beran, Petr"]
[Result "1/2-1/2"]
[WhiteElo "2359"]
[BlackElo "2212"]
[PlyCount "56"]
[EventDate "2006.??.??"]
[EventType "corr"]

1. d4 Nf6 2. c4 e6 3. Nf3 b6 4. g3 Ba6 5. b3 Bb4+ 6. Bd2 Be7 7. Bg2 c6 8. Bc3
d5 9. Nbd2 Nbd7 10. O-O O-O 11. Re1 c5 12. e4 dxe4 13. Nxe4 Bb7 14. Nfg5 cxd4
15. Bxd4 Qc7 16. Nxf6+ Bxf6 17. Bxb7 Qxb7 18. Ne4 Bxd4 19. Qxd4 Rad8 20. Rad1
Qa8 21. Qc3 Nb8 22. Qf3 Na6 23. Rxd8 Rxd8 24. Rd1 h6 25. Rd7 f5 26. g4 Nc5 27.
Rxd8+ Qxd8 28. Nxc5 bxc5 1/2-1/2

[Event "7MCR_4D_1L_3S"]
[Site "?"]
[Date "2006.??.??"]
[Round "?"]
[White "Alexa, Jaroslav"]
[Black "Krouzel, Jaroslav"]
[Result "1-0"]
[WhiteElo "2359"]
[BlackElo "2324"]
[PlyCount "73"]
[EventDate "2006.??.??"]
[EventType "corr"]

1. d4 f5 2. g3 Nf6 3. Bg2 d6 4. Nf3 g6 5. O-O Bg7 6. c4 O-O 7. Nc3 Qe8 8. d5 a5
9. Rb1 Na6 10. b3 Bd7 11. Bb2 h6 12. Nd4 g5 13. e3 Qg6 14. a3 Rac8 15. Qc2 Nc5
16. b4 axb4 17. axb4 Na6 18. Ba3 Kh7 19. Rfd1 c6 20. dxc6 bxc6 21. Na4 c5 22.
bxc5 dxc5 23. Ne2 Rc7 24. Nec3 Bc6 25. Nd5 Nxd5 26. cxd5 Bxa4 27. Qxa4 Qd6 28.
e4 f4 29. Bh3 fxg3 30. hxg3 Be5 31. Bf5+ Kh8 32. Rb5 Nb4 33. Qb3 Bg7 34. Bb2
Bxb2 35. Qxb2+ Qf6 36. Qa3 Kg7 37. Qa5 1-0

[Event "7MCR_4D_1L_3S"]
[Site "?"]
[Date "2006.??.??"]
[Round "?"]
[White "Alexa, Jaroslav"]
[Black "Kuchtova, Ruzena"]
[Result "1-0"]
[WhiteElo "2359"]
[BlackElo "2173"]
[PlyCount "73"]
[EventDate "2006.??.??"]
[EventType "corr"]

1. d4 d5 2. c4 dxc4 3. Nf3 Nf6 4. e3 Be6 5. Nbd2 c5 6. dxc5 Qa5 7. Ng5 Bd5 8.
e4 Nxe4 9. Ngxe4 Bxe4 10. Bxc4 e6 11. O-O Qxc5 12. Nxe4 Qxc4 13. Bg5 Nc6 14.
Re1 Qd4 15. Qf3 Qxb2 16. Nf6+ gxf6 17. Bxf6 Nd4 18. Qh5 Bg7 19. Bxg7 Ne2+ 20.
Qxe2 Qxg7 21. Qb5+ Kf8 22. Qb4+ Kg8 23. Qxb7 Rd8 24. Qxa7 Qd4 25. Qc7 Rd6 26.
a4 Kg7 27. a5 Rhd8 28. h3 h6 29. Ra3 R8d7 30. Qc2 Rd5 31. a6 Ra7 32. Rb1 Rd8
33. Rg3+ Kh8 34. Qc6 Qd6 35. Qc3+ e5 36. Rb7 Rxb7 37. axb7 1-0

[Event "7MCR_4D_1L_3S"]
[Site "?"]
[Date "2006.??.??"]
[Round "?"]
[White "Alexa, Jaroslav"]
[Black "Pirhala, Ladislav"]
[Result "1/2-1/2"]
[WhiteElo "2359"]
[BlackElo "2092"]
[PlyCount "63"]
[EventDate "2006.??.??"]
[EventType "corr"]

1. d4 Nf6 2. c4 e6 3. Nc3 Bb4 4. Qc2 O-O 5. a3 Bxc3+ 6. Qxc3 Ne4 7. Qc2 f5 8.
Nh3 d6 9. f3 Nf6 10. e3 e5 11. dxe5 dxe5 12. Be2 c5 13. O-O Nc6 14. Nf2 b6 15.
b3 f4 16. Bd3 fxe3 17. Bxe3 Nd4 18. Qb2 Bb7 19. b4 Qc7 20. Rfe1 Bc6 21. bxc5
bxc5 22. Rab1 Rae8 23. Qd2 Qd6 24. Rb2 Re6 25. Bxd4 exd4 26. Rxe6 Qxe6 27. Qg5
Qd6 28. Re2 Re8 29. Rxe8+ Bxe8 30. Ne4 Nxe4 31. fxe4 Bg6 32. h4 1/2-1/2

[Event "7MCR_4D_1L_3S"]
[Site "?"]
[Date "2006.??.??"]
[Round "?"]
[White "Alexa, Jaroslav"]
[Black "Riha, Jan"]
[Result "1/2-1/2"]
[WhiteElo "2359"]
[BlackElo "2277"]
[PlyCount "108"]
[EventDate "2006.??.??"]
[EventType "corr"]

1. d4 Nf6 2. c4 e6 3. Nc3 Bb4 4. e3 O-O 5. Bd3 d5 6. Nf3 b6 7. O-O Bb7 8. cxd5
exd5 9. Bd2 Nbd7 10. Qc2 c5 11. a3 Bxc3 12. Bxc3 Ne4 13. dxc5 bxc5 14. Rfd1
Nxc3 15. Qxc3 Rc8 16. Qc2 g6 17. Rac1 c4 18. Be2 Qb6 19. Nd4 Nc5 20. Bf3 Rfd8
21. Rb1 a5 22. Bg4 f5 23. Bf3 Qf6 24. Qc3 a4 25. Ne2 Qf7 26. Qb4 Ba8 27. h3 g5
28. Nd4 h5 29. Rf1 g4 30. Bd1 gxh3 31. gxh3 Kh8 32. Bc2 f4 33. Kh1 Qe7 34. exf4
Qh4 35. Bf5 Ne4 36. Qe1 Rb8 37. Qe3 Re8 38. Rbe1 Nd6 39. Qf3 Nb5 40. Rxe8+ Rxe8
41. Rd1 Nxd4 42. Rxd4 Kg7 43. Bd7 Re1+ 44. Kh2 Qf6 45. Qc3 Re2 46. Bxa4 Rxf2+
47. Kg1 Re2 48. Kf1 Rh2 49. Qg3+ Kf7 50. Qxh2 Qxd4 51. Qf2 Qd3+ 52. Ke1 Bc6 53.
Qa7+ Ke6 54. Bxc6 Qe4+ 1/2-1/2

[Event "7MCR_4D_1L_3S"]
[Site "?"]
[Date "2006.??.??"]
[Round "?"]
[White "Alexa, Jaroslav"]
[Black "Svrsek, Radomir"]
[Result "1-0"]
[WhiteElo "2359"]
[BlackElo "2211"]
[PlyCount "79"]
[EventDate "2006.??.??"]
[EventType "corr"]

1. d4 Nf6 2. c4 e6 3. Nf3 d5 4. Nc3 c6 5. Bg5 dxc4 6. e4 b5 7. e5 h6 8. Bh4 g5
9. Nxg5 hxg5 10. Bxg5 Nbd7 11. g3 Bb7 12. Bg2 Be7 13. exf6 Nxf6 14. O-O a6 15.
Re1 Rg8 16. h4 Qd7 17. Qf3 Rg6 18. a4 O-O-O 19. Ne2 c5 20. Qxb7+ Qxb7 21. Bxb7+
Kxb7 22. Nf4 Rg7 23. dxc5 Rc8 24. axb5 axb5 25. Ra5 Rxc5 26. Rea1 Rc7 27. Ne2
Nd5 28. Bxe7 Nxe7 29. Rxb5+ Kc8 30. Nc3 Kd7 31. Rd1+ Ke8 32. h5 Nc8 33. Ne4 Ke7
34. f4 Rg8 35. f5 f6 36. Re1 e5 37. Rd1 Rg4 38. h6 Rg8 39. Rb8 Rh8 40. Nd6 1-0

[Event "7MCR_4D_1L_3S"]
[Site "?"]
[Date "2006.??.??"]
[Round "?"]
[White "Alexa, Jaroslav"]
[Black "Trita, Stanislav"]
[Result "1/2-1/2"]
[WhiteElo "2359"]
[BlackElo "2159"]
[PlyCount "79"]
[EventDate "2006.??.??"]
[EventType "corr"]

1. d4 d5 2. c4 e6 3. Nc3 Nf6 4. cxd5 exd5 5. Bg5 Be7 6. e3 c6 7. Bd3 Nbd7 8.
Qc2 h6 9. Bh4 O-O 10. Nf3 Re8 11. O-O Ne4 12. Bxe4 Bxh4 13. Bh7+ Kf8 14. Bd3
Be7 15. Rab1 Nf6 16. b4 a6 17. a4 Bd6 18. h3 Bd7 19. b5 cxb5 20. axb5 a5 21.
Rfc1 b6 22. Qa2 Rb8 23. Rc2 Bc8 24. Rbc1 Kg8 25. Qb2 Be6 26. Qb1 Qe7 27. Ne5
Bxe5 28. dxe5 Nd7 29. f4 Nc5 30. Rf2 Nxd3 31. Qxd3 Qa3 32. Rd1 Rec8 33. Nxd5
Qxd3 34. Rxd3 Rc5 35. e4 Rxb5 36. Rfd2 Kf8 37. Nc7 Rc5 38. Nxe6+ fxe6 39. Rd6
a4 40. Rd7 1/2-1/2

[Event "7MCR_4D_1L_3S"]
[Site "?"]
[Date "2006.??.??"]
[Round "?"]
[White "Beran, Petr"]
[Black "Canibal, Jaromir"]
[Result "1-0"]
[WhiteElo "2212"]
[BlackElo "2255"]
[PlyCount "67"]
[EventDate "2006.??.??"]
[EventType "corr"]

1. d4 Nf6 2. c4 g6 3. Nc3 Bg7 4. e4 d6 5. Nf3 O-O 6. Be2 e5 7. O-O Nc6 8. d5
Ne7 9. Ne1 Ne8 10. Be3 f5 11. f3 f4 12. Bf2 h5 13. c5 g5 14. a4 Rf6 15. cxd6
Nxd6 16. Nb5 a6 17. Nxd6 Rxd6 18. Qb3 b6 19. a5 Kh7 20. Nd3 g4 21. Bh4 gxf3 22.
Bxf3 Bg4 23. axb6 cxb6 24. Bxg4 hxg4 25. g3 Qe8 26. Qb4 Qd7 27. gxf4 a5 28. Qe1
Ng6 29. f5 Nf4 30. Nxf4 exf4 31. Bg5 Bxb2 32. Qh4+ Kg8 33. Rab1 Bd4+ 34. Kh1
1-0

[Event "7MCR_4D_1L_3S"]
[Site "?"]
[Date "2006.??.??"]
[Round "?"]
[White "Beran, Petr"]
[Black "Contos, Vaclav"]
[Result "1/2-1/2"]
[WhiteElo "2212"]
[BlackElo "2200"]
[PlyCount "75"]
[EventDate "2006.??.??"]
[EventType "corr"]

1. d4 Nf6 2. c4 e6 3. Nf3 c5 4. d5 exd5 5. cxd5 d6 6. Nc3 g6 7. e4 a6 8. a4 Bg4
9. Be2 Bxf3 10. Bxf3 Bg7 11. Bf4 Qe7 12. O-O Nbd7 13. Re1 O-O 14. a5 Rab8 15.
Be2 Rfe8 16. Qd2 h6 17. h3 g5 18. Bg3 Ne5 19. Ra4 Ng6 20. b3 Qc7 21. Rc1 Re7
22. Rc4 b5 23. axb6 Qxb6 24. Qc2 Nf4 25. Bd1 Nd7 26. Ra4 Be5 27. Bxf4 Bxf4 28.
Rca1 Be5 29. R1a3 Nf6 30. Ne2 Rc8 31. g3 Ra8 32. Qd3 Rea7 33. Kg2 Ne8 34. f4
Bf6 35. Bc2 Bg7 36. fxg5 hxg5 37. Qd2 Qd8 38. Bd3 1/2-1/2

[Event "7MCR_4D_1L_3S"]
[Site "?"]
[Date "2006.??.??"]
[Round "?"]
[White "Beran, Petr"]
[Black "Hrdy, Roman"]
[Result "1-0"]
[WhiteElo "2212"]
[BlackElo "2260"]
[PlyCount "89"]
[EventDate "2006.??.??"]
[EventType "corr"]

1. d4 f5 2. c4 Nf6 3. g3 e6 4. Bg2 d5 5. Nf3 c6 6. O-O Bd6 7. b3 Qe7 8. Bb2 O-O
9. Ne5 Bd7 10. Nd2 Be8 11. Qc2 Nbd7 12. Nd3 Bf7 13. Nf3 dxc4 14. bxc4 c5 15. e3
Rfc8 16. Nfe5 Rc7 17. Nxf7 Qxf7 18. Qb3 Rac8 19. Rac1 b6 20. Rfe1 Qh5 21. Nf4
Bxf4 22. exf4 Qf7 23. d5 exd5 24. cxd5 c4 25. Qc3 Ne4 26. Bxe4 fxe4 27. d6 Rc6
28. Rxe4 Rxd6 29. Rxc4 Nc5 30. Rd4 Rxd4 31. Qxd4 Re8 32. Rd1 h6 33. Kf1 Kh7 34.
Qd5 Qf8 35. f5 Ne4 36. Kg2 Nf6 37. Qc6 Rc8 38. Qd6 h5 39. Bxf6 Qxf6 40. Qxf6
gxf6 41. Rd7+ Kh6 42. Rxa7 b5 43. Rf7 Rc6 44. a3 Ra6 45. f4 1-0

[Event "7MCR_4D_1L_3S"]
[Site "?"]
[Date "2006.??.??"]
[Round "?"]
[White "Beran, Petr"]
[Black "Krouzel, Jaroslav"]
[Result "1/2-1/2"]
[WhiteElo "2212"]
[BlackElo "2324"]
[PlyCount "43"]
[EventDate "2006.??.??"]
[EventType "corr"]

1. d4 f5 2. c4 Nf6 3. g3 d6 4. Bg2 g6 5. Nc3 Bg7 6. d5 O-O 7. Nh3 c6 8. O-O Bd7
9. c5 Kh8 10. cxd6 exd6 11. Bf4 Ne8 12. Qd2 Na6 13. Ng5 Qe7 14. Rad1 Rd8 15.
Rfe1 h6 16. Nf3 g5 17. dxc6 Bxc6 18. Be3 Ra8 19. h4 g4 20. Nd4 Bxg2 21. Kxg2
Kh7 22. Bf4 1/2-1/2

[Event "7MCR_4D_1L_3S"]
[Site "?"]
[Date "2006.??.??"]
[Round "?"]
[White "Beran, Petr"]
[Black "Portych, Vaclav"]
[Result "1/2-1/2"]
[WhiteElo "2212"]
[BlackElo "2116"]
[PlyCount "88"]
[EventDate "2006.??.??"]
[EventType "corr"]

1. d4 Nf6 2. c4 e6 3. Nf3 b6 4. Nc3 Bb4 5. Qb3 c5 6. Bg5 Bb7 7. e3 O-O 8. Be2
cxd4 9. exd4 Nc6 10. O-O Bxc3 11. bxc3 Rc8 12. Nd2 h6 13. Bh4 Na5 14. Qb4 d5
15. c5 bxc5 16. dxc5 Qc7 17. Bxf6 gxf6 18. Nb3 Nc6 19. Qh4 Kg7 20. Rfe1 Ne7 21.
Bd3 f5 22. Rab1 Ng6 23. Qb4 Kh7 24. g3 Ba8 25. Qd4 Rg8 26. Qf6 Rg7 27. Kf1 a5
28. h4 a4 29. Nd4 Qe7 30. Qxe7 Nxe7 31. Rb5 Rc7 32. Ra5 Bc6 33. Nxc6 Nxc6 34.
Rxa4 Ne7 35. g4 Rxc5 36. gxf5 Nxf5 37. Re5 Rxc3 38. Bxf5+ exf5 39. Rxf5 Rc4 40.
Rxc4 dxc4 41. Ke2 f6 42. a4 Ra7 43. a5 Kg6 44. Rc5 f5 1/2-1/2

[Event "7MCR_4D_1L_3S"]
[Site "?"]
[Date "2006.??.??"]
[Round "?"]
[White "Beran, Petr"]
[Black "Privoznik, Lubos"]
[Result "1/2-1/2"]
[WhiteElo "2212"]
[BlackElo "2343"]
[PlyCount "85"]
[EventDate "2006.??.??"]
[EventType "corr"]

1. d4 Nf6 2. c4 e6 3. Nf3 b6 4. Nc3 Bb7 5. a3 d5 6. cxd5 Nxd5 7. Qc2 Nxc3 8.
bxc3 Nd7 9. e4 c5 10. Bf4 cxd4 11. cxd4 Rc8 12. Qb3 Be7 13. Bd3 Nf6 14. Qb5+
Qd7 15. Ne5 Qxb5 16. Bxb5+ Kf8 17. f3 Ne8 18. Bd7 Rd8 19. Bc6 Bc8 20. Be3 f6
21. Nd3 Bd7 22. Bxd7 Rxd7 23. Ke2 Kf7 24. Rhc1 Nd6 25. a4 Rc8 26. Rxc8 Nxc8 27.
Rc1 Nd6 28. g4 Ne8 29. f4 Rc7 30. f5 exf5 31. Rxc7 Nxc7 32. gxf5 a6 33. d5 b5
34. a5 Bd6 35. Bc5 Ne8 36. h3 g6 37. fxg6+ hxg6 38. Bb4 Ke7 39. Ke3 Bxb4 40.
Nxb4 Nd6 41. Nc6+ Kd7 42. Kd4 Nc4 43. Kc5 1/2-1/2

[Event "7MCR_4D_1L_3S"]
[Site "?"]
[Date "2006.??.??"]
[Round "?"]
[White "Beran, Petr"]
[Black "Riha, Jan"]
[Result "1/2-1/2"]
[WhiteElo "2212"]
[BlackElo "2277"]
[PlyCount "51"]
[EventDate "2006.??.??"]
[EventType "corr"]

1. d4 Nf6 2. c4 e6 3. Nf3 b6 4. Nc3 Bb7 5. a3 d5 6. cxd5 Nxd5 7. Qc2 Nxc3 8.
bxc3 Be7 9. e4 O-O 10. Bd3 c5 11. O-O Qc8 12. Qe2 Ba6 13. Rd1 Bxd3 14. Rxd3
cxd4 15. cxd4 Nd7 16. e5 Re8 17. Bg5 Nf8 18. h4 h6 19. Bxe7 Rxe7 20. h5 Rc7 21.
Nd2 Rc1+ 22. Rxc1 Qxc1+ 23. Kh2 Rc8 24. Ne4 Qf4+ 25. g3 Qc1 26. Qf3 1/2-1/2

[Event "7MCR_4D_1L_3S"]
[Site "?"]
[Date "2006.??.??"]
[Round "?"]
[White "Canibal, Jaromir"]
[Black "Alexa, Jaroslav"]
[Result "1/2-1/2"]
[WhiteElo "2255"]
[BlackElo "2359"]
[PlyCount "36"]
[EventDate "2006.??.??"]
[EventType "corr"]

1. e4 c5 2. c3 d5 3. exd5 Qxd5 4. d4 Nf6 5. Be3 Bg4 6. f3 cxd4 7. cxd4 Bd7 8.
Nc3 Qa5 9. Bc4 e6 10. Nge2 Bd6 11. d5 exd5 12. Bxd5 Nxd5 13. Qxd5 Qxd5 14. Nxd5
Nc6 15. O-O-O O-O-O 16. Bg5 Rde8 17. Nec3 Bb8 18. Bf4 Bf5 1/2-1/2

[Event "7MCR_4D_1L_3S"]
[Site "?"]
[Date "2006.??.??"]
[Round "?"]
[White "Canibal, Jaromir"]
[Black "Hrdy, Roman"]
[Result "1/2-1/2"]
[WhiteElo "2255"]
[BlackElo "2260"]
[PlyCount "109"]
[EventDate "2006.??.??"]
[EventType "corr"]

1. e4 e6 2. d4 d5 3. Nd2 c5 4. exd5 Qxd5 5. Ngf3 cxd4 6. Bc4 Qd6 7. O-O Nf6 8.
Nb3 Nc6 9. Nbxd4 Nxd4 10. Nxd4 a6 11. Bb3 Qc7 12. Qf3 Bd6 13. Kh1 h5 14. h3 Bd7
15. Bg5 Be5 16. Qd3 O-O-O 17. c3 Bf4 18. Bxf4 Qxf4 19. Qc4+ Qc7 20. Rfe1 Qxc4
21. Bxc4 h4 22. Re5 Kc7 23. Rae1 b5 24. Be2 Kb6 25. Bf3 Bc8 26. Rg5 g6 27. a4
bxa4 28. Nc6 Rd2 29. Ne5 Rxf2 30. Nxf7 Rg8 31. Ne5 Kc7 32. Nc4 Rc2 33. Rc5+ Kb8
34. Ra5 Nd5 35. Rxa4 g5 36. Kg1 Rf8 37. Be4 Rcf2 38. Ra5 R8f4 39. Bxd5 exd5 40.
Rxd5 Rc2 41. Rd2 Rxd2 42. Nxd2 g4 43. hxg4 Rxg4 44. Re4 Rxe4 45. Nxe4 Kc7 46.
Kf2 a5 47. Nd2 Kc6 48. Ke3 Kc5 49. Ne4+ Kd5 50. c4+ Kc6 51. Kd4 Bb7 52. Nf6 a4
53. Nd5 Kd7 54. Kc5 Bc6 55. Kd4 1/2-1/2

[Event "7MCR_4D_1L_3S"]
[Site "?"]
[Date "2006.??.??"]
[Round "?"]
[White "Canibal, Jaromir"]
[Black "Kovar, Jan"]
[Result "1/2-1/2"]
[WhiteElo "2255"]
[BlackElo "2247"]
[PlyCount "59"]
[EventDate "2006.??.??"]
[EventType "corr"]

1. e4 e6 2. d4 d5 3. Nd2 c5 4. Ngf3 cxd4 5. exd5 Qxd5 6. Bc4 Qd6 7. O-O Nf6 8.
Nb3 Nc6 9. Nbxd4 Nxd4 10. Nxd4 a6 11. Re1 Qc7 12. Bb3 Bd6 13. Nf5 Bxh2+ 14. Kh1
O-O 15. Nxg7 Rd8 16. Qf3 Kxg7 17. Bh6+ Kg6 18. c3 Nh5 19. Bc1 Bf4 20. g4 Ng3+
21. fxg3 Bxc1 22. Raxc1 b6 23. Qe3 Bb7+ 24. Kh2 Qc5 25. Qf4 Qg5 26. Bc2+ Kh6
27. Rcd1 Qxf4 28. gxf4 Bf3 29. Rxd8 Rxd8 30. Kg3 1/2-1/2

[Event "7MCR_4D_1L_3S"]
[Site "?"]
[Date "2006.??.??"]
[Round "?"]
[White "Canibal, Jaromir"]
[Black "Kuchtova, Ruzena"]
[Result "1-0"]
[WhiteElo "2255"]
[BlackElo "2173"]
[PlyCount "85"]
[EventDate "2006.??.??"]
[EventType "corr"]

1. e4 c6 2. d4 d5 3. exd5 cxd5 4. c4 Nf6 5. Nc3 e6 6. Nf3 Be7 7. cxd5 Nxd5 8.
Bc4 Nc6 9. O-O a6 10. Re1 O-O 11. Bb3 Nf6 12. a3 Qc7 13. Bg5 Rd8 14. Rc1 Qa5
15. Bf4 Qh5 16. Qd2 Qa5 17. Rcd1 Qh5 18. Qe3 Ng4 19. Qd3 Nf6 20. Bc7 Rd7 21.
Bb6 Bd8 22. Na4 Qb5 23. Qc2 Nb4 24. axb4 Bxb6 25. d5 Rd8 26. Ng5 Qxb4 27. Nxb6
Qxb6 28. Nxf7 Kxf7 29. dxe6+ Ke7 30. Rxd8 Qxd8 31. Qc5+ Qd6 32. Qg5 Ke8 33. e7
Qb4 34. Re3 Qg4 35. Bf7+ Kxf7 36. e8=Q+ Nxe8 37. Qe7+ Kg6 38. Qxe8+ Kh6 39.
Rh3+ Qxh3 40. gxh3 a5 41. h4 g6 42. Qg8 a4 43. f4 1-0

[Event "7MCR_4D_1L_3S"]
[Site "?"]
[Date "2006.??.??"]
[Round "?"]
[White "Canibal, Jaromir"]
[Black "Splichal, Josef"]
[Result "1/2-1/2"]
[WhiteElo "2255"]
[BlackElo "2242"]
[PlyCount "77"]
[EventDate "2006.??.??"]
[EventType "corr"]

1. e4 e5 2. Nf3 Nc6 3. Bb5 Nf6 4. O-O Nxe4 5. d4 Nd6 6. Bxc6 dxc6 7. dxe5 Nf5
8. Qxd8+ Kxd8 9. Nc3 Ke8 10. h3 Be6 11. Rd1 Bb4 12. Bd2 Rd8 13. a3 Be7 14. Bf4
h6 15. Kh2 Bc5 16. Rxd8+ Kxd8 17. g4 Ne7 18. Rd1+ Kc8 19. Kg3 Ng6 20. Nd4 Bxd4
21. Rxd4 h5 22. f3 b6 23. b4 hxg4 24. hxg4 Nxf4 25. Rxf4 Rh1 26. Re4 Ra1 27. a4
Rc1 28. Re2 Bb3 29. cxb3 Rxc3 30. e6 fxe6 31. Rxe6 Rxb3 32. Rg6 Rxb4 33. g5 b5
34. axb5 cxb5 35. Rxg7 Rd4 36. g6 Rd1 37. Kf2 Rd2+ 38. Kg3 Rd1 39. Kf2 1/2-1/2

[Event "7MCR_4D_1L_3S"]
[Site "?"]
[Date "2006.??.??"]
[Round "?"]
[White "Canibal, Jaromir"]
[Black "Trita, Stanislav"]
[Result "1/2-1/2"]
[WhiteElo "2255"]
[BlackElo "2159"]
[PlyCount "81"]
[EventDate "2006.??.??"]
[EventType "corr"]

1. e4 e6 2. d4 d5 3. Nd2 dxe4 4. Nxe4 Nd7 5. Nf3 Ngf6 6. Nxf6+ Nxf6 7. c3 c5 8.
Ne5 a6 9. Be3 cxd4 10. Bxd4 Qc7 11. Qa4+ Bd7 12. Nxd7 Nxd7 13. Be2 O-O-O 14.
Rd1 Bd6 15. Bxa6 bxa6 16. Qxa6+ Kb8 17. Bxg7 Rhg8 18. Rxd6 Rxg7 19. Ke2 Qb7 20.
Qxb7+ Kxb7 21. Rhd1 Kc7 22. g3 Rg5 23. b4 Re5+ 24. Kf1 Rd5 25. R1xd5 exd5 26.
Rxd5 Ra8 27. Rh5 Nf6 28. Rf5 Ne4 29. Rxf7+ Kd6 30. Rxh7 Rxa2 31. Rf7 Nxc3 32.
h4 Rb2 33. Rf8 Ke7 34. Rf4 Nd5 35. Rd4 Nxb4 36. h5 Ke6 37. Kg2 Nd5 38. g4 Ke5
39. Ra4 Nf6 40. Ra5+ Ke6 41. Ra4 1/2-1/2

[Event "7MCR_4D_1L_3S"]
[Site "?"]
[Date "2006.??.??"]
[Round "?"]
[White "Contos, Vaclav"]
[Black "Alexa, Jaroslav"]
[Result "1/2-1/2"]
[WhiteElo "2200"]
[BlackElo "2359"]
[PlyCount "82"]
[EventDate "2006.??.??"]
[EventType "corr"]

1. c4 e6 2. Nc3 d5 3. cxd5 exd5 4. d4 c6 5. Qc2 Bd6 6. Nf3 Ne7 7. Bg5 f6 8. Bd2
O-O 9. e4 Na6 10. a3 Bg4 11. h3 Bxf3 12. gxf3 Nc7 13. Be3 Ne6 14. h4 f5 15.
O-O-O b5 16. e5 Bc7 17. f4 Rb8 18. h5 b4 19. Na4 bxa3 20. bxa3 Bb6 21. Be2 Kh8
22. Rd3 Qc7 23. Kd1 c5 24. dxc5 Ba5 25. Bf3 Rfd8 26. c6 Rbc8 27. Ke2 Nxc6 28.
Qb3 Qf7 29. Nc5 Nxc5 30. Bxc5 Nxe5 31. fxe5 Rxc5 32. Rhd1 Rf8 33. Rxd5 Re8 34.
R1d3 Rxe5+ 35. Kf1 Rcxd5 36. Rxd5 Rxd5 37. Qxd5 Qxd5 38. Bxd5 g6 39. hxg6 hxg6
40. f3 Kg7 41. a4 Kf6 1/2-1/2

[Event "7MCR_4D_1L_3S"]
[Site "?"]
[Date "2006.??.??"]
[Round "?"]
[White "Contos, Vaclav"]
[Black "Canibal, Jaromir"]
[Result "1-0"]
[WhiteElo "2200"]
[BlackElo "2255"]
[PlyCount "129"]
[EventDate "2006.??.??"]
[EventType "corr"]

1. d4 Nf6 2. Nc3 c5 3. d5 g6 4. d6 Qa5 5. Nf3 Ne4 6. Bd2 Nxd6 7. Nd5 Qd8 8. Bf4
Nc6 9. c3 b6 10. e4 Bg7 11. e5 Nb7 12. e6 O-O 13. Bc7 Qe8 14. Bg3 Qd8 15. Nc7
Rb8 16. exf7+ Rxf7 17. Bb5 Nd6 18. Bxd6 exd6 19. Bc4 Qe7+ 20. Qe2 Ne5 21. Nxe5
dxe5 22. Rd1 d6 23. Bxf7+ Qxf7 24. Nd5 Be6 25. Qe4 Bf5 26. Qc4 Kh8 27. a4 Bd7
28. Ne3 Be6 29. Qe4 Rf8 30. O-O Qd7 31. Rd2 Rf4 32. Qd3 Bf8 33. a5 b5 34. Nd5
Rf7 35. b3 Bh6 36. Rdd1 Bf5 37. Qe2 Bg4 38. f3 Be6 39. c4 b4 40. Ne3 Qc7 41.
Ng4 Bg5 42. Nf2 Rf8 43. Ne4 Be7 44. Rd2 Bf5 45. Rfd1 Bxe4 46. fxe4 a6 47. Qg4
Rf4 48. Qe6 Rf6 49. Qh3 Qb7 50. Re2 Kg7 51. Rf1 Rxf1+ 52. Kxf1 Bd8 53. Kg1 Qc7
54. Re1 Qe7 55. Ra1 Qb7 56. Rd1 Be7 57. Qe6 Qc7 58. Rf1 Bd8 59. Qd5 h5 60. Ra1
h4 61. Qa8 d5 62. Qxd5 Qe7 63. h3 Bc7 64. Qc6 Kh6 65. Rd1 1-0

[Event "7MCR_4D_1L_3S"]
[Site "?"]
[Date "2006.??.??"]
[Round "?"]
[White "Contos, Vaclav"]
[Black "Hrdy, Roman"]
[Result "1/2-1/2"]
[WhiteElo "2200"]
[BlackElo "2260"]
[PlyCount "72"]
[EventDate "2006.??.??"]
[EventType "corr"]

1. c4 g6 2. Nc3 Bg7 3. g3 c5 4. Bg2 Nc6 5. Nf3 e5 6. a3 Nge7 7. Rb1 a5 8. d3 d6
9. O-O O-O 10. Ne1 Be6 11. Nd5 Rb8 12. Nxe7+ Nxe7 13. b4 cxb4 14. axb4 b5 15.
cxb5 Rxb5 16. Bd2 axb4 17. Qa4 Qa5 18. Rxb4 Qxa4 19. Rxa4 Rb2 20. Nf3 Rc8 21.
Rfa1 d5 22. Bg5 f6 23. Ra6 Rc6 24. Ra7 Nc8 25. Ra8 h6 26. Be3 Rc7 27. Kf1 Kf7
28. h4 Ne7 29. Bc1 Rbc2 30. Ba3 f5 31. Ne1 R2c3 32. Rb1 e4 33. Bd6 Rc1 34. Rab8
Rc8 35. Bf4 Rxb8 36. Rxc1 Rc8 1/2-1/2

[Event "7MCR_4D_1L_3S"]
[Site "?"]
[Date "2006.??.??"]
[Round "?"]
[White "Contos, Vaclav"]
[Black "Kovar, Jan"]
[Result "1-0"]
[WhiteElo "2200"]
[BlackElo "2247"]
[PlyCount "79"]
[EventDate "2006.??.??"]
[EventType "corr"]

1. c4 e6 2. Nc3 d5 3. cxd5 exd5 4. d4 c6 5. Qc2 Bd6 6. Nf3 Ne7 7. Bg5 f6 8. Bd2
O-O 9. e4 dxe4 10. Nxe4 Bc7 11. Bc4+ Kh8 12. O-O Nd5 13. Rfe1 Bg4 14. Qb3 a5
15. h3 Bxf3 16. Qxf3 b5 17. Bd3 Na6 18. a3 Qd7 19. Nc3 Nxc3 20. bxc3 f5 21. Qe3
Nc5 22. dxc5 Rad8 23. Qe7 Qxd3 24. Bh6 gxh6 25. Qxc7 Qd7 26. Qf4 Qg7 27. Rad1
Rg8 28. Qf3 Qf6 29. Rd4 Rge8 30. Rxe8+ Rxe8 31. g3 Re6 32. a4 b4 33. Kg2 Qe5
34. Rd8+ Kg7 35. cxb4 axb4 36. Rd7+ Kg6 37. a5 Qxc5 38. a6 Qc3 39. Rd3 Qc5 40.
g4 1-0

[Event "7MCR_4D_1L_3S"]
[Site "?"]
[Date "2006.??.??"]
[Round "?"]
[White "Contos, Vaclav"]
[Black "Pirhala, Ladislav"]
[Result "1/2-1/2"]
[WhiteElo "2200"]
[BlackElo "2092"]
[PlyCount "63"]
[EventDate "2006.??.??"]
[EventType "corr"]

1. e4 e5 2. Nf3 Nc6 3. Be2 Nf6 4. d3 d5 5. Nbd2 Bc5 6. c3 a5 7. O-O O-O 8. b3
Qe7 9. Bb2 Rd8 10. Qc2 Ba3 11. Rfe1 Bxb2 12. Qxb2 dxe4 13. dxe4 Nh5 14. Nc4 Nf4
15. Ne3 Qf6 16. Rad1 Be6 17. Qc2 Qg6 18. Rxd8+ Rxd8 19. Bb5 Na7 20. Rd1 Rxd1+
21. Qxd1 h6 22. Bd3 Qf6 23. Bf1 Nc8 24. g3 Nh3+ 25. Bxh3 Bxh3 26. Nc4 Nd6 27.
Nxd6 Qxd6 28. Qxd6 cxd6 29. Nd2 b5 30. c4 b4 31. f3 f5 32. Kf2 1/2-1/2

[Event "7MCR_4D_1L_3S"]
[Site "?"]
[Date "2006.??.??"]
[Round "?"]
[White "Contos, Vaclav"]
[Black "Splichal, Josef"]
[Result "1-0"]
[WhiteElo "2200"]
[BlackElo "2242"]
[PlyCount "67"]
[EventDate "2006.??.??"]
[EventType "corr"]

1. c4 c5 2. Nf3 Nf6 3. g3 d6 4. Bg2 e5 5. d3 Be7 6. Nc3 Nc6 7. O-O O-O 8. Rb1
Rb8 9. a3 Nd4 10. b4 Nxf3+ 11. Bxf3 Bh3 12. Re1 cxb4 13. axb4 a6 14. b5 a5 15.
b6 Ra8 16. Bg5 Qd7 17. Nb5 Ne8 18. Bxe7 Qxe7 19. Ra1 f5 20. Qd2 Ra6 21. Rxa5 e4
22. Rxa6 bxa6 23. Nd4 exf3 24. exf3 Qb7 25. Qe3 Nf6 26. Qe6+ Rf7 27. Rb1 h6 28.
Qxd6 f4 29. c5 Rd7 30. Qc6 Qb8 31. Ne6 fxg3 32. hxg3 Rb7 33. g4 h5 34. Ng5 1-0

[Event "7MCR_4D_1L_3S"]
[Site "?"]
[Date "2006.??.??"]
[Round "?"]
[White "Contos, Vaclav"]
[Black "Trita, Stanislav"]
[Result "1/2-1/2"]
[WhiteElo "2200"]
[BlackElo "2159"]
[PlyCount "47"]
[EventDate "2006.??.??"]
[EventType "corr"]

1. d4 Nf6 2. Nc3 d5 3. Bg5 Nbd7 4. Nf3 g6 5. e3 Bg7 6. Bd3 O-O 7. O-O c5 8. Re1
b6 9. e4 dxe4 10. Nxe4 cxd4 11. Nxd4 Bb7 12. c3 Nc5 13. Nxc5 bxc5 14. Nb3 Qd5
15. Qf3 Qxg5 16. Qxb7 e6 17. Rad1 a5 18. Qb5 a4 19. Qxc5 Qxc5 20. Nxc5 Rfc8 21.
Ne4 a3 22. bxa3 Nxe4 23. Rxe4 Rxa3 24. Bc4 1/2-1/2